Atlas geográfico universal y de Colombia / (Registro nro. 5239)

Detalles MARC
000 -CABECERA
Campo de control 01099cam a2200301 a 4500
005 - FECHA Y HORA DE LA ULTIMA TRANSACCION
Campo de control 20160907112715.0
008 - ELEMENTOS DE LONGITUD FIJA—INFORMACION GENERAL
Campo de control 971229r19991996sp ab r 00000 spa d
020 ## - ISBN
ISBN 8449402697
040 ## - FUENTE DE CATALOGACIÓN
Agencia catalogadora original la
Agencia transcriptora la
Agencia Modificadora CO-BoIAVH
041 0# - IDIOMA
Código de idioma para texto/pista de sonido o título separado Español
044 ## - PAÍS DE PUBLICACIÓN
País de publicación Colombia
082 04 - NUMERO DE CLASIFICACION DECIMAL DEWEY
Número de clasificación 912.86
Número del ítem A88g
090 ## - CLASIFICACIÓN LOCAL
Colección RE-
Consecutivo 00065
245 00 - MENCION DE TITULO
Título Atlas geográfico universal y de Colombia /
Mención de responsabilidad editado por Ana Biosca y Andrés Merino ;.dirección Carlos Gispert ; maquetación Mercedes Clarós.
260 ## - PUBLICACION, DISTRIBUCION, ETC. (PIE DE IMPRENTA)
Lugar de publicación, distribución, etc. Barcelona, España :
Nombre del editor, distribuidor, etc. Oceano Grupo Editorial,
Fecha de publicación, distribución, etc. 1996.
300 ## - DESCRIPCION FISICA
Extensión xlviii, 428 páginas :
Otros detalles físicos ilustraciones y mapas ;
Dimensiones 30 x 23 cm.
650 ## - ASIENTO SECUNDARIO DE MATERIA - TERMINO TEMATICO
Término temático o nombre geográfico como elemento de entrada Colombia
9 (RLIN) 75934
650 26 - ASIENTO SECUNDARIO DE MATERIA - TERMINO TEMATICO
Término temático o nombre geográfico como elemento de entrada Geografía universal.
9 (RLIN) 75920
651 26 - ASIENTO SECUNDARIO DE MATERIA - NOMBRE GEOGRAFICO
Nombre geográfico Colombia
Subdivisión de forma Mapas
9 (RLIN) 75935
651 26 - ASIENTO SECUNDARIO DE MATERIA - NOMBRE GEOGRAFICO
Nombre geográfico Colombia
Subdivisión de forma Mapa de vegetación
9 (RLIN) 75936
651 26 - ASIENTO SECUNDARIO DE MATERIA - NOMBRE GEOGRAFICO
Nombre geográfico Colombia
Subdivisión de forma Mapa de regiones naturales
9 (RLIN) 75937
651 26 - ASIENTO SECUNDARIO DE MATERIA - NOMBRE GEOGRAFICO
Nombre geográfico Colombia
Subdivisión de forma Atlas
9 (RLIN) 75938
700 1# - ASIENTO SECUNDARIO - NOMBRE PERSONAL
Nombre personal Gispert, Carlos
Término de relación dirección
9 (RLIN) 75925
700 1# - ASIENTO SECUNDARIO - NOMBRE PERSONAL
Nombre personal Clarós, Mercedes
Término de relación maquetación
9 (RLIN) 75926
700 1# - ASIENTO SECUNDARIO - NOMBRE PERSONAL
Nombre personal Biosca, Ana
Término de relación editora
9 (RLIN) 75927
700 1# - ASIENTO SECUNDARIO - NOMBRE PERSONAL
Nombre personal Merino, Andrés
Término de relación editor
9 (RLIN) 75928
942 ## - ELEMENTOS ADICIONALES (KOHA)
Sistema de clasificación Dewey Decimal Classification
Tipo de ítem Libro
Existencias
Withdrawn status Lost status Sistema de Clasificación Damaged status No para préstamo Colección Inventariado Ubicación Permanente Ubicación actual Fecha de adquisición Fuente de Valor Valor Total Checkouts Número topográfico Inventario / Código de Barras Date last seen Ejemplar Price effective from Forma de adquisición Tipo de material
    Local     Referencia Inventariado 2017 Bogotá Bogotá 08/02/2004 Instituto 39000.00   RE-00065 018524 04/12/2012 Ej. 1 04/12/2012 Donación Referencia